00579nam a22001577a 4500008003900000020001400039050002200053245013400075250001100209260004800220300002100268440003300289504002100322650005200343700002600395130109t sp||||| |||| 00| 0 ag d a95080222804aRC480.8bI58 200603aLo interdisciplinario en salud mental : bniños, adolescentes, sus familias y la comunidad /cLiliana Barg, org., ... [et al.]. a1a ed. aBuenos Aires : bEspacio Editorial,c2006. a166 p. :c19 cm. 3aCiencias Sociales, novedades aIncluye índice 4aNiños, adolescentes, sociedad,xSalud mental.1 aBarg,Liliana, eorg.